Random Cities Quiz - Statistics

General Stats
  • This quiz has been taken 36 times
  • The average score is 11 of 15
Answer Stats
Hint Answer % Correct
Eiffel Tower Paris
100%
U.S. Capital Washington DC
100%
Big Ben London
97%
Largest Russian City Moscow
94%
Canada's Capital City Ottawa
94%
Destroyed Wall Made by East Germany Berlin
92%
Golden Gate Bridge San Francisco
92%
Most Populous City in the World Tokyo
89%
Was Constatinople Istanbul
86%
Chilean Capital Santiago
78%
Larger than Beijing Shanghai
67%
Brazil's Capital Brazilia
53%
Next to Bandung Jakarta
28%
The Name is from the arabic word Magerit Madrid
11%
Japan's Oldest City Fukuoka
3%
No matching quizzes found
Score Distribution
Percent of People with Each Score
Percentile by Number Answered
Your Score History
You have not taken this quiz